000 00262nam a2200121Ia 4500
100 _a#N/A
942 _cBK
245 _aMicroprocessors: From Assembly Language in C using the PIC18FXX2
260 _b#N/A
082 _b21967
546 _aENGLISH
999 _c20834
_d20834